Použitie prostriedkov z fondov a programov EÚ na financovanie rozvoja školstva v SR diplomová práca

Uložené v:
Podrobná bibliografia
Hlavný autor: Mičejová, Antónia
Korporativný autor: Národohospodárska fakulta EU. Katedra hospodárskej politiky
Ďalší autori: Havettová, Miroslava
Médium: Kniha
Jazyk:Slovak
Vydavateľské údaje: Bratislava 2012
Tagy: Pridať tag
Žiadne tagy, Buďte prvý, kto otaguje tento záznam!

MARC

LEADER 00000nbm a2200000 4500
001 0153370
005 20161109102108.5
041 0 |a slo 
044 |a SK 
245 1 0 |a Použitie prostriedkov z fondov a programov EÚ na financovanie rozvoja školstva v SR  |b diplomová práca  |c Antónia Mičejová ; školiteľ: Miroslava Luchava Havettová 
264 1 |a Bratislava  |c 2012 
300 |a 80 s. 
100 1 |a Mičejová, Antónia 
700 1 |a Havettová, Miroslava 
710 2 |a Národohospodárska fakulta EU. Katedra hospodárskej politiky